000 00285nam a2200109 4500
008 160704b xxu||||| |||| 00| 0 eng d
100 _92033
_a Nehemiah, A
245 _aWedding Clothes!
260 _aNew Delhi
_bChildren Book Trust
_c2000
300 _aWedding Clothes!
942 _2ddc
_cBK
999 _c1734
_d1734